Consuelo / (Record no. 164648)

MARC details
000 -LEADER
campo de control de longitud fija 00913nam a2200241 i 4500
001 - NÚMERO DE CONTROL
campo de control 164648
003 - IDENTIFICADOR DE NÚMERO DE CONTROL
campo de control ES-MaACL
005 - FECHA Y HORA DE LA ÚLTIMA TRANSACCIÓN
campo de control 20250714081356.0
008 - DATOS DE LONGITUD FIJA--INFORMACIÓN GENERAL
campo de control de longitud fija 050803m18901910fr | |||||||| ||fre d
040 ## - FUENTE DE CATALOGACIÓN
Centro catalogador/agencia de origen CAM
Lengua de catalogación spa
Centro/agencia transcriptor CAM
100 1# - ENTRADA PRINCIPAL--NOMBRE DE PERSONA
Nombre de persona Sand, George,
Fechas asociadas al nombre 1804-1876
9 (RLIN) 103060
245 10 - MENCIÓN DEL TÍTULO
Título Consuelo /
Mención de responsabilidad, etc. George Sand.
260 ## - PUBLICACIÓN, DISTRIBUCIÓN, ETC.
Lugar de publicación, distribución, etc. Paris :
Nombre del editor, distribuidor, etc. Calmann-Lévy éditeurs,
Fecha de publicación, distribución, etc. [s.a.] (
Lugar de fabricación/manufactura Imprimerie de Lagny :
Fabricante E. Grevin)
300 ## - DESCRIPCIÓN FÍSICA
Extensión 3 v. (353; 359; 411 p.) ;
Dimensiones 18 cm.
490 1# - MENCIÓN DE SERIE
Mención de serie Nouvelle collection Michel Lévy
490 1# - MENCIÓN DE SERIE
Mención de serie Oeuvres de George Sand
596 ## - NOTA AL PIE DE IMPRENTA
NOTA AL PIE DE IMPRENTA Probablemente impreso en la última década del siglo XIX o primera del siglo XX.
598 ## - NOTA LOCAL
Nota local La primera serie tomada de la cub. y la segunda de la antep.
830 0# - PUNTO DE ACCESO ADICIONAL DE SERIE-TÍTULO UNIFORME
Título uniforme Nouvelle collection Michel Lévy
9 (RLIN) 222203
830 0# - PUNTO DE ACCESO ADICIONAL DE SERIE-TÍTULO UNIFORME
Título uniforme Oeuvres de George Sand
9 (RLIN) 188465
852 ## - LOCALIZACIÓN
Ubicación ES-MaACL
Número de control de estantería G-9011-9013
Nota libre -- Rust. deteriorada
Holdings
Estatus retirado Estado de pérdida Estado de daño No para préstamo Biblioteca de origen Biblioteca actual Ubicación en estantería Fecha de adquisición Fuente de adquisición Total de préstamos Signatura topográfica completa Código de barras Visto por última vez Precio de reemplazo Tipo de ítem Koha
        Biblioteca del Ateneo de Madrid Biblioteca del Ateneo de Madrid Sala Pecera Planta 3 17/01/2008     G-9011-9013 1172596 23/02/2023 23/02/2023 Libro impreso